Lonely planet hungary / (Record no. 15691)
[ view plain ]
| 000 -LEADER | |
|---|---|
| fixed length control field | 01520nam a2200253 a 4500 |
| 001 - CONTROL NUMBER | |
| control field | ASIN1741046947 |
| 005 - DATE AND TIME OF LATEST TRANSACTION | |
| control field | 20170105102923.0 |
| 008 - FIXED-LENGTH DATA ELEMENTS--GENERAL INFORMATION | |
| fixed length control field | 131209s2009 xxu eng d |
| 020 ## - INTERNATIONAL STANDARD BOOK NUMBER | |
| International Standard Book Number | 1741046947 (paperback) |
| Terms of availability | $22.99 |
| 020 ## - INTERNATIONAL STANDARD BOOK NUMBER | |
| International Standard Book Number | 9781741046946 (paperback) |
| 040 ## - CATALOGING SOURCE | |
| Original cataloging agency | 0 |
| 100 1# - MAIN ENTRY--PERSONAL NAME | |
| Personal name | Bedford, Neal. |
| 245 10 - TITLE STATEMENT | |
| Title | Lonely planet hungary / |
| Statement of responsibility, etc. | Neal Bedford, Lisa Dunford, Steve Fallon. |
| 250 ## - EDITION STATEMENT | |
| Edition statement | 6th ed. |
| 260 ## - PUBLICATION, DISTRIBUTION, ETC. | |
| Place of publication, distribution, etc. | [S.l.] : |
| Name of publisher, distributor, etc. | Lonely Planet, |
| Date of publication, distribution, etc. | 2009. |
| 300 ## - PHYSICAL DESCRIPTION | |
| Extent | 428 p. ; |
| Dimensions | 20 cm. |
| 490 1# - SERIES STATEMENT | |
| Series statement | Country travel guide. |
| 520 ## - SUMMARY, ETC. | |
| Summary, etc. | Experience the best of Hungary with Lonely Planet's 6th edition. Discover the quiet beauty and fascinating culture of this charming country - relax in Art Nouveau splendour at a thermal bath, treat your palate to the excellent local wines or watch history unfold as you drift down the Danube. Lonely Planet guides are written by experts who get to the heart of every destination they visit. This fully updated edition is packed with accurate, practical and honest advice, designed to give you the information you need to make the most of your trip. In This Guide: Essential color section illustrating Hungary's highlights Unique interviews with a potter, Klezmer band and a cycling specialist Activities chapter includes horse riding, hiking, caving and more. |
| 700 1# - ADDED ENTRY--PERSONAL NAME | |
| Personal name | Dunford, Lisa. |
| 700 1# - ADDED ENTRY--PERSONAL NAME | |
| Personal name | Fallon, Steve. |
| 830 #0 - SERIES ADDED ENTRY--UNIFORM TITLE | |
| Uniform title | Country travel guide. |
| 856 40 - ELECTRONIC LOCATION AND ACCESS | |
| Materials specified | Amazon.com |
| Uniform Resource Identifier | <a href="http://www.amazon.com/exec/obidos/ASIN/1741046947/chopaconline-20">http://www.amazon.com/exec/obidos/ASIN/1741046947/chopaconline-20</a> |
| 942 ## - ADDED ENTRY ELEMENTS (KOHA) | |
| Source of classification or shelving scheme | |
| Koha item type | Book |
| Withdrawn status | Lost status | Damaged status | Not for loan | Collection code | Permanent Location | Current Location | Shelving location | Date acquired | Total Checkouts | Full call number | Barcode | Date last seen | Price effective from | Koha item type |
|---|---|---|---|---|---|---|---|---|---|---|---|---|---|---|
| Centre for International Peace & Stability (CIPS) | Centre for International Peace & Stability (CIPS) | General Stacks | 10/02/2013 | 914.390454 BED 2009 | CIPS0001722 | 12/09/2013 | 12/09/2013 | Book |
